Nghề dệt và trang phục cổ truyền của dân tộc Cơ Tu tỉnh Quảng Nam

TM tài liệu tham khảo tr. 221 - 232; Tổng quan về người Cơ Tu; mô tả chi tiết về nghề dệt cổ truyền và trang phục cổ truyền của dân tộc Cơ Tu; nghệ thuật trang trí và hệ biểu tượng trong trang trí hoa văn trên y phục Cơ Tu. Qua đó đưa ra kiế...

詳細記述

保存先:
書誌詳細
第一著者: Trần, Tấn Vịnh
その他の著者: Hội Văn nghệ dân gian Việt Nam
フォーマット: 図書
言語:Undetermined
出版事項: H. Dân Trí 2010
主題:
オンライン・アクセス:http://lrc.tdmu.edu.vn/opac/search/detail.asp?aID=2&ID=19077
タグ: タグ追加
タグなし, このレコードへの初めてのタグを付けませんか!
Thư viện lưu trữ: Trung tâm Học liệu Trường Đại học Thủ Dầu Một
LEADER 01390nam a2200217Ia 4500
001 TDMU_19077
008 210410s9999 xx 000 0 und d
082 |a 391.4 089 
090 |b TR121 
100 |a Trần, Tấn Vịnh 
245 0 |a Nghề dệt và trang phục cổ truyền của dân tộc Cơ Tu tỉnh Quảng Nam 
245 0 |c Trần Tấn Vịnh 
260 |a H. 
260 |b Dân Trí 
260 |c 2010 
300 |a 234 tr. 
520 |a TM tài liệu tham khảo tr. 221 - 232; Tổng quan về người Cơ Tu; mô tả chi tiết về nghề dệt cổ truyền và trang phục cổ truyền của dân tộc Cơ Tu; nghệ thuật trang trí và hệ biểu tượng trong trang trí hoa văn trên y phục Cơ Tu. Qua đó đưa ra kiến nghị nhằm bảo tồn và phát huy nghề dệt và trang phục Cơ Tu  
650 |a Nghề truyền thống  |x Dệt vải  |x Dân tộc Cơ Tu  |z Quảng Nam (Việt Nam); Văn hóa dân gian  |x Trang phục  |x Dân tộc Cơ Tu  |z Quảng Nam (Việt Nam); Dân tộc Cơ Tu  |x Văn hóa  |x Trang phục 
700 |a Hội Văn nghệ dân gian Việt Nam 
856 |u http://lrc.tdmu.edu.vn/opac/search/detail.asp?aID=2&ID=19077 
980 |a Trung tâm Học liệu Trường Đại học Thủ Dầu Một